000 01217 a2200229 4500
003 NUST
005 20230127183549.0
010 _a 90063556
020 _a0312062737 (v. 1)
020 _a0312062745 (v. 2)
040 _cNust
082 0 0 _a909,MAK
245 0 0 _aMakers of world history (Vol-II) /
_cJ. Kelley Sowards, editor.
260 _aNew York :
_bSt. Martin's Press,
_cc1992.
300 _a334 p.;
_bill. ;
_c23 cm.
490 _vII
505 _aAkbar: The Great Moghul (Page-1), Tokugawa Ieyasu Shogun: The old Badger (Page-23), Shah Abbas 1: The Great King of Kings (Page-43), Peter the Great an the Westernization of Russia (Page-67), Napoleon Child or Betrayer of the Revolution (Page-91), Shaka Zulu Black Napoleon (Page-115), Cecil Rhodes and the Dream of Empire (Page-137) V. I. Lenin Anotomy of a Revolutionary (Page-161), Adolf Hilter Nightmare of our Century (Page-185), Albert Einstein and the Atomic Age (Page-209), Mahatma Gandhi (Page-237), Mao Tse Tung The Peoples Emperor (Page-261), Joomo Kenyatta (Page-287), Margaret Thatcher (Page-311).
650 0 _aBiography.
_9461
650 0 _aWorld history.
700 1 _aSowards, J. Kelley
_d1924-
_9107962
942 _2ddc
_cBK
_k909,MAK
999 _c186138
_d186138